000 00535nam a22001937a 4500
003 OSt
005 20180116183105.0
008 170731b xxu||||| |||| 00| 0 eng d
020 _a9789332548237
040 _c0
082 _a658.7 CHO 2016
100 _aSunil Chopra, Peter Meindl
245 _aSupply Chain Management
_bStrategy, Planning, and Opration
_cSunil Chopra, Peter Meindl
250 _a6th Ed.
260 _aIndia
_bPearson
_c2016
300 _a569p.
_bpb
440 _aSupply Chain Management
942 _2ddc
_cBK
999 _c352040
_d352040